| 000 | 00422nam a22001697a 4500 | ||
|---|---|---|---|
| 003 | MACL | ||
| 005 | 20160802160551.0 | ||
| 008 | 160802b xxu||||| |||| 00| 0 eng d | ||
| 040 | _cMACL | ||
| 041 | _aEnglish | ||
| 082 | _a920 SAX | ||
| 100 |
_aSaxena, Richa _966009 |
||
| 245 |
_aAmartya Sen A Biography _cRicha Saxena |
||
| 260 |
_aNew Delhi _bRajpal & Sons _c2011 |
||
| 650 |
_aBiography _966010 |
||
| 942 |
_2ddc _cBK |
||
| 999 |
_c55476 _d55476 |
||